00441nam a2200109Ia 4500008004100000020001800041050002000059245010700079260002700186300003100213650008700244120626s9999 xx 000 0 und d a968-422-092-8 aREF TK9 D5 1991 aDiccionario McGraw-Hill de ingeniería eléctrica y electrónica / Sybil P. Parker, editor in chief aMéxico : McGraw-Hill a2 v. (ix, 464 p.) ; 22 cm. a1. Ingeniería eléctrica - Diccionarios. 2. Electrónica - Diccionarios Ì